|
|
|
|
| LEADER |
00000nab a2200000 a 4500 |
| 001 |
vtls000618799 |
| 003 |
SK-MaSNL |
| 005 |
20260304090651.0 |
| 008 |
250425c1996 xo 0 slo |
| 015 |
|
|
|a SNBRB19rr/mm-uuuuu
|
| 035 |
|
|
|a CL0618938
|
| 035 |
|
|
|a urn:nbn:sk:snk-ab76yt
|
| 035 |
|
|
|a (uuid)1d6d58fb-1838-4054-bd7e-c12fa7bd0a4b
|
| 035 |
|
|
|a (urnnbn)urn:nbn:sk:snk:ar-a072k5
|
| 035 |
|
|
|a (sysno)vtls000618799
|
| 040 |
|
|
|a SNKBUCL
|b slo
|c SNKBUCL
|e AACR2
|
| 041 |
0 |
|
|a slo
|
| 044 |
|
|
|a xo
|c SK
|
| 080 |
|
|
|a 371.68/.69:681.3:373.5/.6
|2 1981
|
| 080 |
|
|
|a 373.5/.6
|2 1981
|
| 080 |
|
|
|a 681.3
|2 1981
|
| 100 |
1 |
|
|a Valocký, Jozef
|4 aut
|9 1382082
|
| 245 |
1 |
0 |
|a Trendy využitia výpočtovej techniky na stredných školách
|c Jozef Valocký
|
| 300 |
|
|
|b Lit. 5 zázn. v slov.
|
| 650 |
0 |
7 |
|a výpočtová technika
|2 snkbucl
|9 1126
|
| 650 |
0 |
7 |
|a stredné školy
|2 snkbucl
|9 1279
|
| 655 |
|
7 |
|a články z novín a časopisov
|2 snkbucl
|9 267496
|
| 773 |
0 |
|
|t Pedagogické spektrum
|g Roč. 5, č. 5 (1996), s. 32-40
|
| 850 |
|
|
|a Slovenská národná knižnica
|
| 852 |
|
|
|a Slovenská národná knižnica
|
| 954 |
|
|
|a odborná, vedecká literatúra pôvodná (slovenská)
|2 lita
|
| 958 |
|
|
|a article27
|
| 958 |
|
|
|a NX
|
| 958 |
|
|
|a RK
|
| 958 |
|
|
|a OND
|
| 958 |
|
|
|a EUIPO
|
| 999 |
|
|
|c 2812172
|d 2814102
|